=LDR 00000nam 2200000 4500 =001 NUTBA000000000003726 =005 20140826093206.0 =006 =007 =008 =035 ##$$0010-081400000000571 =040 ##$$a NBPDMAT =082 ##$$a 372.623 =090 ##$$a 372.623 $b Dim a =100 ##$$a Dimas Tri Ananda MP =245 ##$$a Aku bisa calistung menulis angka / $c Dimas Tri Ananda MP =250 ##$$a Cet. 1 =260 ##$$a Jakarta : $b Murti Harapan, $c 2014 =300 ##$$a 40 hlm. : $b ilus. ; $c 25 cm. =650 ##$$a Menulis-TK =990 ##$$a 21406227 =990 ##$$a 0001/BPAP-NTB/20142014 =990 ##$$a 0001/BPAP-NTB/20142014 =990 ##$$a 0001/BPAP-NTB/20142014 =990 ##$$a 0001/BPAP-NTB/20142014 =990 ##$$a 0001/BPAP-NTB/20142014 =990 ##$$a 0001/BPAP-NTB/2015